000
00331nam a2200133Ia 4500
005
20251222153637.0
008
251222s9999||||xx |||||||||||||| ||spa||
082
_a
658.114/A47
100
_a
Alvarez Rodrich, Augusto
245
0
_a
Políticas Públicas en el Perú
250
_a
1ra ed.
264
_b
Editorial Apoyo
942
_c
LIB
999
_c
32587
_d
32587